Identity meets nationality :Voices from the humanities. / (Record no. 3160)

MARC details
000 -LEADER
fixed length control field 02384cam a2200337 a 4500
001 - CONTROL NUMBER
control field 8928790
005 - DATE AND TIME OF LATEST TRANSACTION
control field 20210414114237.0
008 - FIXED-LENGTH DATA ELEMENTS--GENERAL INFORMATION
fixed length control field 110614s2011 gh ab b 000 0 eng
010 ## - LIBRARY OF CONGRESS CONTROL NUMBER
LC control number 2011342830
020 ## - INTERNATIONAL STANDARD BOOK NUMBER
International Standard Book Number 9789988647964
020 ## - INTERNATIONAL STANDARD BOOK NUMBER
International Standard Book Number 9988647964
035 ## - SYSTEM CONTROL NUMBER
System control number (OCoLC)ocn729343956
035 ## - SYSTEM CONTROL NUMBER
System control number (OCoLC)729343956
035 ## - SYSTEM CONTROL NUMBER
System control number (NNC)8928790
040 ## - CATALOGING SOURCE
Original cataloging agency DLC
Transcribing agency DLC
Modifying agency BTCTA
-- YDXCP
-- TEU
042 ## - AUTHENTICATION CODE
Authentication code lcode
050 14 - LIBRARY OF CONGRESS CALL NUMBER
Classification number CB197
Item number .I34
245 00 - TITLE STATEMENT
Title Identity meets nationality :Voices from the humanities. /
Remainder of title voices from the humanities
Statement of responsibility, etc. edited by Helen Lauer, Nana Aba Appiah Amfo, Jemima Asabea Anderson.
260 ## - PUBLICATION, DISTRIBUTION, ETC.
Place of publication, distribution, etc. Accra, Ghana :
Name of publisher, distributor, etc. Sub-Saharan Publishers,
Date of publication, distribution, etc. c2011.
300 ## - PHYSICAL DESCRIPTION
Extent xiv, 297 p.:
Other physical details ill. (some col.), maps.;
Dimensions 24 cm.
504 ## - BIBLIOGRAPHY, ETC. NOTE
Bibliography, etc. note Includes bibliographical references.
505 ## - FORMATTED CONTENTS NOTE
Formatted contents note Contents: Introduction -- The Humanities and the idea of national identity -- Empiricalism: The Empirical character of an African philosophy -- Metaphors of death in akan -- Political nicknaming in Ghana: social representations of democracy achieved through conceptual blending -- "Do not rob us of ourselves": language and nationalism in colonial Ghana -- Language use in education in minority language areas: the case of Logba -- The Dilemma of identity for African American English: a case of African language influence? -- Constructing a national language as a vehicle for national identity -- Material culture and ethnic identity: the case of the Krobo, Ghana -- Negotiating pre- colonial history and future democracy: Kwasi Wiredu and his critics -- Identity crises: constructions of national identity in the poetry of equatorial Guinea -- 'No sweetness here' for 'our sister', La Noire? Gender empowerment in the short stories of sembene Ousmane and Ama Ata Aidoo -- Constructing national consciousness in Russian literature: some lessons for the African milieu -- Africa's renaissance and the challenge of culture: the failures of NEPAD -- The music of Ephraim Amu and Isaac Daniel Riverson: 'the known ' and 'the not known' Ghanaian composers -- The Performing arts: identity and the new social paradigm.
650 #0 - SUBJECT ADDED ENTRY--TOPICAL TERM
Topical term or geographic name entry element National characteristics.
650 #0 - SUBJECT ADDED ENTRY--TOPICAL TERM
Topical term or geographic name entry element Humanities.
700 1# - ADDED ENTRY--PERSONAL NAME
Personal name Lauer, Helen.
700 1# - ADDED ENTRY--PERSONAL NAME
Personal name Amfo, Nana Aba Appiah.
700 1# - ADDED ENTRY--PERSONAL NAME
Personal name Anderson, Jemima Asabea.
942 ## - ADDED ENTRY ELEMENTS (KOHA)
Source of classification or shelving scheme Library of Congress Classification
Koha item type Books
948 1# - LOCAL PROCESSING INFORMATION (OCLC); SERIES PART DESIGNATOR (RLIN)
Series part designator, SPT (RLIN) 20110914
b (OCLC) c
c (OCLC) sds12
d (OCLC) MPS
Holdings
Withdrawn status Lost status Source of classification or shelving scheme Damaged status Not for loan Home library Current library Shelving location Date acquired Total Checkouts Full call number Barcode Date last seen Copy number Price effective from Koha item type
    Library of Congress Classification     WISCONSIN INTERNATIONAL UNIVERSITY COLLEGE, GHANA - MAIN LIBRARY WISCONSIN INTERNATIONAL UNIVERSITY COLLEGE, GHANA - MAIN LIBRARY Reference 17/07/2014   CB197 .I34 7683/110/14 17/07/2014 1 17/07/2014 Books

If you have any concerns or questions; kindly contact the library


© Powered by WIUC ICT DIRECTORATE